000 00382nam a22001697a 4500
005 20160623153814.0
008 160623b xxu||||| |||| 00| 0 eng d
020 _a0-07-058975-5
041 _aeng
082 _b9613
100 _aBasye, Anne
_91843
245 _aBusiness letters ready to go
260 _bTMH
_c2004
300 _a182
650 _aManagement
_9241
942 _cBK
999 _c3702
_d3701